000 00587nam a2200145 a 4500
001 000007832
005 20200929154319.0
008 090911s2000 dr r 000 0 spa d
040 _aDO-SdBNP
_bspa
_cBNPHU
082 _axxxx
_bxxxx
110 1 _aComisión Nacional de Seguimiento a los Acuerdos de la Conferencia de las Naciones Unidas Sobre Medio Ambiente y Desarrollo.
_921563
245 1 0 _aComvención marco de las naciones unidas sobre el cambio climático y su protocolo de kioto.
260 _aSanto Domingo :
_bDominicana de Impresos y Publicidad,
_c2000.
300 _a80 p. ;
_c22 cm.
999 _c7610
_d7610